000 00537nam a2200169 a 4500
001 3963
005 20140414131914.0
008 040719s19uu xx 00 eng d
020 _a0-7364-0099-0
050 _aER
_bW72 1998
100 _aZoehfeld, Katherine W.
245 _aHave you seen my pot of honey? :
_ba lift-the flap-book /
_cwritten by Kathleen W. Zoehfeld ; illustrated by Orlando de la Paz.
260 _aNew York :
_bMouse Works,
_c1998.
300 _a1 v. p. : ill. ; cm.
650 _aChildren stories.
999 _c111336
_d111336